[Event "Olympiad-45"]
[White "Edwards, Emar"]
[Black "Mtsetfwa, Philani"]
[Site "Budapest"]
[Round "9.4"]
[Result "1-0"]
[Date "2024.09.20"]
[WhiteElo "1898"]
[BlackElo "1688"]
[PlyCount "83"]
[EventDate "2024.09.11"]
[EventType "team-swiss"]
[EventRounds "11"]
[EventCountry "HUN"]
[SourceTitle "EXT 2025"]
[Source "ChessBase"]
[SourceDate "2024.10.14"]
[SourceVersion "1"]
[SourceVersionDate "2024.10.14"]
[SourceQuality "1"]
[WhiteTeam "Barbados"]
[BlackTeam "Eswatini"]
[WhiteTeamCountry "BAR"]

1. d4 Nf6 2. Nc3 d5 3. Bf4 Bf5 4. e3 e6 5. Nf3 Bd6 6. Ne5 Nbd7 7. Bd3 Ne4 8. 0-0 Bxe5 9. dxe5 Nxc3 10. bxc3 g5 11. Bg3 Bxd3 12. cxd3 h5 13. f4 h4 14. Be1 gxf4 15. exf4 Qe7 16. Qa4 a6 17. Rb1 0-0-0 18. Bf2 Rdg8 19. Kh1 f5 20. Rb2 Qg7 21. Be3 Rh7 22. c4 Qg3 23. Re2 Qg4 24. Rff2 Rhg7 25. cxd5 Nxe5 26. Qd4 Nd7 27. dxe6 Nb6 28. Qe5 h3 29. e7 Re8 30. Bc5 Nd7 31. Qe6 hxg2+ 32. Kg1 Qh3 33. Rxg2 Qh7 34. Rxg7 Qxg7+ 35. Rg2 Qa1+ 36. Kf2 Qb2+ 37. Kf3 Qh8 38. Ba3 Qh5+ 39. Kf2 Qh4+ 40. Kg1 Qxf4 41. Rg8 Qd4+ 42. Kg2 1-0

[Event "Olympiad-45"]
[White "Shiferaw, Yalemzewde Mekonnen"]
[Black "Mtsetfwa, Philani"]
[Site "Budapest"]
[Round "6.69"]
[Result "1/2-1/2"]
[Date "2024.09.16"]
[WhiteElo "2025"]
[BlackElo "1688"]
[PlyCount "117"]
[EventDate "2024.09.11"]
[EventType "team-swiss"]
[EventRounds "11"]
[EventCountry "HUN"]
[SourceTitle "EXT 2025"]
[Source "ChessBase"]
[SourceDate "2024.10.14"]
[SourceVersion "1"]
[SourceVersionDate "2024.10.14"]
[SourceQuality "1"]
[WhiteTeam "Ethiopia"]
[BlackTeam "Eswatini"]
[WhiteTeamCountry "ETH"]

1. c4 e5 2. g3 Nf6 3. Bg2 Bc5 4. Nf3 d6 5. Nc3 0-0 6. 0-0 Nc6 7. Na4 Be6 8. Nxc5 dxc5 9. b3 e4 10. Ng5 Bf5 11. Bb2 Re8 12. h4 Qd7 13. f3 exf3 14. exf3 Nd4 15. Kh2 Bd3 16. Re1 Nc2 17. Ne4 Nxe4 18. fxe4 Nxe1 19. Qxe1 f5 20. e5 Be4 21. Bh3 Rad8 22. Bc3 Qd3 23. Qf2 b6 24. Re1 Qc2 25. g4 Rd3 26. Re3 Rxe3 27. Qxe3 fxg4 28. Bxg4 Bf5 29. Bf3 Qd3 30. Qf4 Be6 31. Be4 Qe2+ 32. Kg1 Qg4+ 33. Qxg4 Bxg4 34. Bc6 Re7 35. Kg2 Bf5 36. Kf3 Kf7 37. Kf4 Be6 38. d3 Kf8 39. b4 Rf7+ 40. Ke3 Rf1 41. bxc5 bxc5 42. Ba5 Rf7 43. a3 g6 44. Bc3 h6 45. Be4 g5 46. Bg6 Rg7 47. h5 Bf7 48. Bf5 Bxh5 49. e6 Re7 50. Bf6 Re8 51. Ke4 g4 52. Bh4 Kg7 53. Ke5 Bg6 54. Bf6+ Kh7 55. Bxg4 Bxd3 56. Bh5 Bg6 57. Bf3 Bf7 58. e7 Kg6 59. Be4+ 1/2-1/2